<?xml version="1.0" encoding="UTF-8"?>
<record
    xmlns:xsi="http://www.w3.org/2001/XMLSchema-instance"
    xsi:schemaLocation="http://www.loc.gov/MARC21/slim http://www.loc.gov/standards/marcxml/schema/MARC21slim.xsd"
    xmlns="http://www.loc.gov/MARC21/slim">

  <leader>00557nam a22001697a 4500</leader>
  <datafield tag="999" ind1=" " ind2=" ">
    <subfield code="c">172529</subfield>
    <subfield code="d">172529</subfield>
  </datafield>
  <controlfield tag="005">20200206151348.0</controlfield>
  <datafield tag="010" ind1=" " ind2=" ">
    <subfield code="a">A-842634</subfield>
  </datafield>
  <datafield tag="035" ind1=" " ind2=" ">
    <subfield code="a">A-842634</subfield>
  </datafield>
  <datafield tag="037" ind1=" " ind2=" ">
    <subfield code="b">BPPD/Pub.</subfield>
  </datafield>
  <datafield tag="082" ind1=" " ind2=" ">
    <subfield code="a">529.3</subfield>
  </datafield>
  <datafield tag="245" ind1=" " ind2=" ">
    <subfield code="a">&#x631;&#x627;&#x634;&#x679;&#x631;&#x6CC;&#x6C1; &#x67E;&#x646;&#x686;&#x627;&#x646;&#x6AF; &#x627;&#x631;&#x62F;&#x648; :</subfield>
    <subfield code="b">&#x634;&#x6A9; &#x633;&#x645;&#x62A; 1916</subfield>
  </datafield>
  <datafield tag="246" ind1=" " ind2=" ">
    <subfield code="a">Rashtriya Panchang (Urdu): Saka Era 1916 (1994-95 A.D.)</subfield>
  </datafield>
  <datafield tag="260" ind1=" " ind2=" ">
    <subfield code="a">New Delhi</subfield>
    <subfield code="b">Controller of Publications</subfield>
    <subfield code="c">1993 &#x621;</subfield>
  </datafield>
  <datafield tag="270" ind1=" " ind2=" ">
    <subfield code="a">India Meteriological Department, Lodi Road</subfield>
    <subfield code="b">New Delhi</subfield>
  </datafield>
  <datafield tag="300" ind1=" " ind2=" ">
    <subfield code="a">210p.</subfield>
    <subfield code="c">21cm(pbk)</subfield>
  </datafield>
  <datafield tag="942" ind1=" " ind2=" ">
    <subfield code="2">ddc</subfield>
    <subfield code="c">UR</subfield>
    <subfield code="h">529.3</subfield>
    <subfield code="m">&#x67E; &#x646; &#x686;</subfield>
  </datafield>
  <datafield tag="952" ind1=" " ind2=" ">
    <subfield code="0">0</subfield>
    <subfield code="1">0</subfield>
    <subfield code="4">0</subfield>
    <subfield code="7">0</subfield>
    <subfield code="8">NFIC</subfield>
    <subfield code="a">L</subfield>
    <subfield code="b">L</subfield>
    <subfield code="d">2020-02-06</subfield>
    <subfield code="e">BPPD/Ven.</subfield>
    <subfield code="l">0</subfield>
    <subfield code="o">529.3 &#x67E; &#x646; &#x686;</subfield>
    <subfield code="p">A-842634</subfield>
    <subfield code="r">2020-02-06 00:00:00</subfield>
    <subfield code="t">1</subfield>
    <subfield code="w">2020-02-06</subfield>
    <subfield code="y">UR</subfield>
  </datafield>
</record>
